000 00782nam a2200253Ia 4500
003 OSt
005 20220923224633.0
006 a|||||r|||| 00| 0
007 ta
008 220922b |||||||| |||| 00| 0 san d
024 _a248,524
037 _cTextual
040 _aARTS
_cARTS
_bsan
041 _2san
_asan
082 _aO15,6NKAx, L3
100 _aविद्यावाचस्पति
245 0 _aयात्रा - विलास
246 _aYātrā - vilāsa
260 _aजयपृर
_b रमेश बुक डिपो
_c1973
300 _a108पृ0
_ccm.
650 _aसंस्कृत साहित्य
942 _hO15,6NKAx, L3
_cTEXL
_2CC
999 _c372692
_d372692